Country Names in Different Languages #2 - Statistics

General Stats
  • This quiz has been taken 32 times
  • The average score is 22 of 30
Answer Stats
Hint Answer % Correct
França France
100%
Moçambique Mozambique
100%
Polônia Poland
97%
África do Sul South Africa
97%
Ryssland Russia
91%
Cingapura Singapore
88%
Sydsudan South Sudan
88%
Sverige Sweden
88%
Jemen Yemen
88%
Egito Egypt
84%
Grekland Greece
84%
Island Iceland
84%
Irã Iran
84%
Kypros Cyprus
81%
Dominikaaninen Tasavalta Dominican Republic
81%
Norja Norway
81%
Tadjiquistão Tajikistan
81%
Suomi Finland
78%
Yhdistyneet Arabiemiirikunnat United Arab Emirates
72%
Costa do Marfim Ivory Coast
69%
Fidži Fiji
66%
Unkari Hungary
63%
Tjeckien Czech Republic
59%
Kina China
53%
Quênia Kenya
50%
Tanska Denmark
38%
Tyskland Germany
34%
Viro Estonia
31%
Förenade Kungariket United Kingdom
31%
Alankomaat Netherlands
25%
No matching quizzes found
Score Distribution
Percent of People with Each Score
Percentile by Number Answered
Your Score History
You have not taken this quiz